Normal view
MARC view
Entry Topical Term
001 - CONTROL NUMBER
- control field: 55000
003 - CONTROL NUMBER IDENTIFIER
- control field: OSt
005 - DATE AND TIME OF LATEST TRANSACTION
- control field: 20241010094104.0
008 - FIXED-LENGTH DATA ELEMENTS
- fixed length control field: 241010|| aca||aabn | a|a d
040 ## - CATALOGING SOURCE
- Original cataloging agency: OSt
- Transcribing agency: OSt
150 ## - HEADING--TOPICAL TERM
- Topical term or geographic name entry element: မွေတော်ကက္ကူဘုရား
- Form subdivision: သမိုင်း
670 ## - SOURCE DATA FOUND
- Source citation: Work cat.: (OSt)16760: တင်နိုင်တိုး 14445, ရျမ်းပြည်နယ်တောင်ပိုင်း၏ တန်ခိုးကြီး အင်းလေးဖောင်တော်ဦး ပင်းတယရွှေဥမင်နှင့် မွေတော်ကက္ကူ စေတီပုထိုးများသမိုင်း /, ၂၀၀၅။